Statistics for Warmest Rocky Mountain Region Cities

Click here to take the quiz!

General Stats

  • This quiz has been taken 26 times
  • The average score is 5 of 6

Answer Stats

#Average Annual Temperature (°F)CityPopulationState% Correct
550.5°FDenver734,134CO
100%
169.5°FLas Vegas662,000NV
100%
255°FSalt Lake City213,367UT
100%
452.5°FBoise234,576ID
90%
353.5°FReno260,258NV
90%
650.5°FFort Collins172,862CO
62%

Score Distribution

Percentile by Number Answered

Percent of People with Each Score

Your Score History

You have not taken this quiz